000 01204pam a2200373 a 4500
001 3239
003 FISKH
005 20240221141441.0
008 930831s1994 nyu j 000 1 eng
010 _a 93033211
020 _a0060233281 :
020 _a0060233338 (lib. bdg.)
020 _a9780064406222
040 _aDLC
_cDLC
_dDLC
_beng
042 _alcac
050 0 0 _aPZ7.M2225
_bSk 1994
082 0 0 _a[Fic]
_220
100 1 _aMacLachlan, Patricia.
245 1 0 _aSkylark /
_cPatricia MacLachlan.
250 _aThis edition published 2004
260 _aNew York :
_bHarperCollins,
_c1994.
300 _a96, 5 pages :
_b20 cm
505 _aO
520 _aWhen a drought tests the commitment of a mail-order bride from Maine to her new home on the prairie, her stepchildren hope they will be able to remain a family.
521 _a620
_bLexile
521 _aN
_bRaz-Plus
650 0 _aWitting family (Fictitious characters)
_vFiction.
650 1 _aStepmothers
_vFiction.
650 1 _aDroughts
_vFiction.
650 1 _aFrontier and pioneer life
_vFiction.
650 1 _aPrairies
_vFiction.
906 _a7
_bcbc
_corignew
_d1
_eocip
_f19
_gy-gencatlg
942 _2ddc
_cBK
_n0
999 _c3239
_d3239